000 00791nam a2200241 i 4500
001 174286
003 ES-MaACL
005 20251014063251.0
008 100323q1900 sp 1910 |||| | spa d
080 _a821.111(73)-4"18"
100 1 _aEmerson, Ralph Waldo,
_d1803-1882
_947147
245 1 3 _aEl hombre y el mundo /
_cÉmerson ; traducción del inglés por Pedro Márquez.
260 _aBarcelona ;
_aMadrid :
_bF. Granada,
_c[entre 1900 y 1910]
300 _a192 p. ;
_c20 cm.
490 1 _aBiblioteca contemporánea
500 _aÍndice.
650 7 _aÉtica social
_2embne
_912593
700 1 _aMárquez, Pedro
_c(traductor)
_9169590
830 0 0 _aBiblioteca contemporánea (Losada)
_9230032
852 _aES-MaACL
_jC-668
942 _2udc
999 _c174286
_d174286